[Event "61st ch-BUL w SF 2012"]
[Site "Plovdiv BUL"]
[Date "2012.02.11"]
[Round "8"]
[White "Atanasova,Elitsa"]
[Black "Chilingirova,P"]
[Result "0-1"]
[BlackTitle "WIM"]
[WhiteElo "1732"]
[BlackElo "2119"]
[WhiteFideId "2913690"]
[BlackFideId "2902214"]
[EventDate "2012.02.06"]

1. d4 d6 2. Nf3 g6 3. g3 Bg7 4. Bg2 c5 5. O-O Nf6 6. c4 O-O 7. Nc3 Nc6 8. d5 Na5
9. Nd2 Rb8 10. e4 a6 11. a4 e6 12. Re1 exd5 13. exd5 Ng4 14. h3 Ne5 15. Qe2 Bf5
16. Nce4 Re8 17. Qf1 Bxe4 18. Bxe4 Naxc4 19. Nxc4 Nxc4 20. Qxc4 f5 21. Bd2 fxe4
22. Rxe4 Bxb2 23. Rae1 Rxe4 24. Qxe4 Qf6 25. Qe6+ Qxe6 26. Rxe6 c4 27. Re3 b5
28. axb5 axb5 29. Bc3 Bxc3 30. Rxc3 Rc8 31. Rc1 Rc5 32. Rd1 b4 0-1

[Event "61st ch-BUL w SF 2012"]
[Site "Plovdiv BUL"]
[Date "2012.02.11"]
[Round "8"]
[White "Vasileva,C"]
[Black "Pencheva,Iva"]
[Result "1-0"]
[WhiteElo "1577"]
[BlackElo "1816"]
[WhiteFideId "2904250"]
[BlackFideId "2906457"]
[EventDate "2012.02.06"]

1. d4 e6 2. c4 b6 3. e4 Bb7 4. Nc3 Bb4 5. f3 f5 6. Bd3 fxe4 7. fxe4 Nf6 8. Bg5
O-O 9. Nf3 Be7 10. O-O Na6 11. a3 Ne8 12. Qd2 Nd6 13. Bxe7 Qxe7 14. b4 Nf7 15.
d5 e5 16. Ne2 d6 17. Ng3 Bc8 18. Bc2 Nb8 19. Rf2 Bd7 20. Raf1 Na6 21. h3 Rad8
22. Bd1 Nb8 23. a4 Na6 24. Nh5 h6 25. Bc2 Ng5 26. Nxg5 Qxg5 27. Qxg5 hxg5 28. b5
Nc5 29. Ng3 g6 30. Ne2 Rxf2 31. Rxf2 Rf8 32. Nc3 Rxf2 33. Kxf2 Kf7 34. Kg3 Kf6
35. Bd1 Nb7 36. Na2 Nc5 37. Bc2 a6 38. Nb4 a5 39. Na6 Nxa6 40. bxa6 Bc8 41. a7
Bb7 42. Bd1 c6 43. Bg4 Ke7 44. Bc8 Ba8 45. Be6 b5 46. axb5 cxb5 47. cxb5 Kd8 48.
Bg4 Kc7 49. Bd1 Kb6 50. Kg4 Kxa7 51. Kxg5 Kb6 52. g4 Kxb5 53. h4 Kc5 54. h5 gxh5
55. gxh5 Kd4 56. h6 Kxe4 57. h7 Bxd5 58. h8=Q 1-0

[Event "61st ch-BUL w SF 2012"]
[Site "Plovdiv BUL"]
[Date "2012.02.12"]
[Round "9"]
[White "Pencheva,Iva"]
[Black "Radeva,Viktoria"]
[Result "0-1"]
[BlackTitle "WCM"]
[WhiteElo "1816"]
[BlackElo "1760"]
[WhiteFideId "2906457"]
[BlackFideId "2915405"]
[EventDate "2012.02.06"]

1. d4 Nf6 2. Nf3 g6 3. Bf4 Bg7 4. e3 d6 5. h3 O-O 6. Be2 Nbd7 7. O-O Nh5 8. Bh2
h6 9. c4 e5 10. Nc3 exd4 11. exd4 f5 12. Re1 Kh8 13. Kh1 Rg8 14. Bf1 g5 15. Ng1
Nhf6 16. Qd3 Nf8 17. Rad1 Ng6 18. c5 d5 19. Nb5 Ne4 20. Qc2 c6 21. Nc7 Rb8 22.
f3 Nf6 23. Ne6 Bxe6 24. Bxb8 Qxb8 25. Rxe6 Nf4 26. Ree1 N6h5 27. Qf2 Nd3 28.
Bxd3 Ng3+ 29. Qxg3 Qxg3 30. Bxf5 Qf4 31. Bg4 Qc7 32. Re6 Qf7 33. Re2 Re8 34.
Rde1 Rxe2 35. Rxe2 Bxd4 36. Be6 Qf6 37. Bc8 Bxc5 38. Bxb7 Qd4 39. Re8+ Kg7 40.
Ne2 Qd1+ 41. Kh2 Qe1 42. Bxc6 Bd6+ 43. g3 Qf2+ 44. Kh1 Qxf3+ 45. Kg1 Bc5+ 46.
Kh2 Qf2+ 47. Kh1 d4 48. Bb5 Qf3+ 49. Kh2 d3 0-1

[Event "61st ch-BUL w SF 2012"]
[Site "Plovdiv BUL"]
[Date "2012.02.12"]
[Round "9"]
[White "Chilingirova,P"]
[Black "Vasileva,C"]
[Result "1-0"]
[WhiteTitle "WIM"]
[WhiteElo "2119"]
[BlackElo "1577"]
[WhiteFideId "2902214"]
[BlackFideId "2904250"]
[EventDate "2012.02.06"]

1. c4 c5 2. Nc3 Nf6 3. g3 e6 4. Nf3 Nc6 5. Bg2 d5 6. cxd5 exd5 7. d4 cxd4 8.
Nxd4 Bb4 9. O-O O-O 10. Bg5 h6 11. Bxf6 Qxf6 12. Ndb5 Bxc3 13. Nxc3 Rd8 14. Qb3
d4 15. Nd5 Qd6 16. Nf4 g5 17. Nd3 a6 18. Rac1 Bd7 19. Nc5 Rab8 20. Qb6 Be8 21.
Nxb7 Bd7 22. Qxd8+ Nxd8 23. Nxd6 Rxb2 24. Rfe1 Ne6 25. Bd5 Rd2 26. Ne4 d3 27.
Nxd2 dxe2 28. Rxe2 Nd4 29. Re7 Be6 30. Bxe6 fxe6 31. Rc8# 1-0

[Event "61st ch-BUL w SF 2012"]
[Site "Plovdiv BUL"]
[Date "2012.02.12"]
[Round "9"]
[White "Sirkova,D"]
[Black "Atanasova,Elitsa"]
[Result "1-0"]
[WhiteTitle "WFM"]
[WhiteElo "2086"]
[BlackElo "1732"]
[WhiteFideId "2910560"]
[BlackFideId "2913690"]
[EventDate "2012.02.06"]

1. e4 c5 2. Nc3 d6 3. Nge2 Nf6 4. d4 cxd4 5. Nxd4 a6 6. Bc4 e6 7. Bb3 Be7 8. O-O
O-O 9. Kh1 b5 10. f3 Bb7 11. Qe1 Nc6 12. Be3 Nxd4 13. Bxd4 e5 14. Be3 Qc7 15.
Qf2 Rac8 16. Rfd1 Bc6 17. Rd2 Nd7 18. a3 Kh8 19. g4 Nc5 20. Ba2 Qb7 21. g5 f5
22. b4 Na4 23. Nd5 f4 24. Ba7 Ra8 25. Nxe7 Qxe7 26. Bb6 Nxb6 27. Qxb6 Rac8 28.
Bb3 Rfd8 29. Rad1 g6 30. Qxa6 Qc7 31. Qa5 Qb7 32. Rxd6 Re8 33. Bd5 Bxd5 34.
R1xd5 Rxc2 35. Rd7 Qb8 36. Ra7 Qc8 37. Qxb5 Rd2 38. Qxe8+ Qxe8 39. Rxd2 Qc8 40.
Kg2 Kg8 41. b5 Qb8 42. Re7 Kf8 43. Rxh7 Kg8 44. Re7 Kf8 45. Re6 Qxb5 46. Rxg6
Qa5 47. Rgd6 Qxa3 48. h4 Qa1 49. Rd1 Qa2+ 50. R6d2 Qa6 51. Rd8+ Kf7 52. R1d7+
Kg6 53. Rd6+ 1-0

[Event "61st ch-BUL w SF 2012"]
[Site "Plovdiv BUL"]
[Date "2012.02.12"]
[Round "9"]
[White "Salimova,Nurgyul"]
[Black "Galunova,T"]
[Result "1/2-1/2"]
[WhiteTitle "WFM"]
[WhiteElo "1737"]
[BlackElo "2040"]
[WhiteFideId "2915138"]
[BlackFideId "2909995"]
[EventDate "2012.02.06"]

1. d4 d5 2. c4 c6 3. Nf3 Nf6 4. Nc3 dxc4 5. a4 Bf5 6. e3 e6 7. Bxc4 Bb4 8. O-O
O-O 9. Bd2 Nbd7 10. Qe2 Bg6 11. Na2 Bd6 12. Bb4 c5 13. dxc5 Bxc5 14. Bxc5 Nxc5
15. Rfd1 Qb6 16. Nc3 Rfd8 17. Nb5 Rxd1+ 18. Qxd1 Rd8 19. Qe2 Qa5 20. Nbd4 Nce4
21. Qe1 Qxe1+ 22. Rxe1 Nd5 23. Bxd5 Rxd5 24. b4 e5 25. Rc1 h6 26. Nb5 f6 27. Nh4
Kh7 28. f3 Nd6 29. Nxd6 Rxd6 30. Nxg6 Kxg6 31. Rc7 Rb6 32. b5 a6 33. bxa6 Rxa6
34. Rxb7 Rxa4 35. e4 Ra2 36. h3 Rc2 37. Rd7 Rb2 38. Rc7 Ra2 39. Rd7 Rc2 40. Rb7
Ra2 41. Rd7 1/2-1/2

[Event "10th ch-CRO w 2012"]
[Site "Topusko CRO"]
[Date "2012.02.05"]
[Round "1.1"]
[White "Ivekovic,T"]
[Black "Deur,Z"]
[Result "1/2-1/2"]
[BlackTitle "WFM"]
[WhiteElo "2048"]
[BlackElo "2142"]
[WhiteFideId "14517825"]
[BlackFideId "14512670"]
[EventDate "2012.02.05"]
[EventType "tourn"]

1. e4 c5 2. Nf3 Nc6 3. d4 cxd4 4. Nxd4 g6 5. Nc3 Bg7 6. Be3 Nf6 7. f3 O-O 8. Qd2
d5 9. O-O-O Nxd4 10. Bxd4 dxe4 11. fxe4 Be6 12. h3 Qa5 13. a3 Rfd8 14. Qe3 a6
15. Be2 Nd7 16. Bxg7 Kxg7 17. Nd5 Nf6 18. b4 Qa4 19. Nb6 Qc6 20. Nxa8 Rxa8 21.
Rd4 Rc8 22. Bd1 Nd7 23. Rf1 Ne5 24. Rf2 Qa4 25. c4 Nxc4 26. Bxa4 Nxe3+ 27. Kb1
b5 28. Bd1 Rc3 29. Be2 Rxa3 30. Rd3 Rxd3 31. Bxd3 Nc4 32. Kc2 Ne5 33. Kc3 Nc6
34. Bb1 a5 35. bxa5 b4+ 36. Kb2 Nxa5 37. Bd3 Nc4+ 38. Bxc4 Bxc4 39. Kc2 h5 40.
h4 f6 41. Kd2 Be6 42. Ke3 b3 43. Kd4 Bg4 44. Rd2 g5 45. g3 gxh4 46. gxh4 Kf7 47.
Kd5 e5 48. Kc4 Bf3 49. Kd3 Bg4 50. Kc3 Bf3 51. Kd3 Bg4 52. Kc3 Ke6 53. Kxb3 Bf3
54. Ra2 Bxe4 55. Ra4 Bf3 56. Kc3 Kf5 57. Ra6 Be2 58. Rb6 e4 59. Kd4 Bd3 60. Ke3
Bf1 61. Kf2 Bc4 62. Ke3 Ke5 63. Rb4 Bd5 64. Rb8 f5 65. Re8+ Be6 66. Rf8 Bd5 67.
Re8+ Be6 68. Rf8 Bd5 69. Re8+ 1/2-1/2

[Event "10th ch-CRO w 2012"]
[Site "Topusko CRO"]
[Date "2012.02.05"]
[Round "1.2"]
[White "Ivekovic,A CRO"]
[Black "Bazaj Bockai,S"]
[Result "0-1"]
[BlackTitle "WFM"]
[WhiteElo "1987"]
[BlackElo "2088"]
[WhiteFideId "14514508"]
[BlackFideId "14501724"]
[EventDate "2012.02.05"]
[EventType "tourn"]

1. e4 c5 2. Nf3 e6 3. d4 cxd4 4. Nxd4 Nf6 5. Nc3 d6 6. Be3 a6 7. a4 Nc6 8. Be2
Be7 9. O-O Qc7 10. Qd2 Ne5 11. f3 b6 12. Nb3 Rb8 13. Qd4 O-O 14. Rfd1 Rd8 15.
Kh1 Rd7 16. Bf2 Nh5 17. Qe3 Nc4 18. Bxc4 Qxc4 19. g4 Nf6 20. Qd3 Qc7 21. Bg3 Bb7
22. Rd2 Rbd8 23. Rad1 Qc8 24. Bf2 Qc6 25. Nd4 Qc7 26. Bg3 Qc8 27. h3 g6 28. Qe3
Ne8 29. Rh2 Qc5 30. Bf2 Bg5 31. Qe1 Qc7 32. Bg3 Bf6 33. h4 Qc4 34. Nde2 b5 35.
g5 Bh8 36. Nf4 b4 37. Nb1 Bxb2 38. Nd3 Bc3 39. Nxc3 bxc3 40. h5 Ng7 41. h6 Ne8
42. Bf2 f5 43. Bb6 fxe4 44. Bxd8 exd3 45. Rxd3 Rxd8 46. Rh4 Qc8 47. Rxc3 Qd7 48.
Re3 Nc7 49. Kh2 e5 50. Qe2 Ne6 51. Rg4 Rf8 52. c3 Nf4 53. Qa2+ Bd5 54. Qf2 Be6
55. Rg3 Rb8 56. Re4 a5 57. Qd2 Qc6 58. Re3 Rb3 59. Rg1 Qb6 60. Kh1 Rb2 61. Qc1
Ne2 0-1

[Event "10th ch-CRO w 2012"]
[Site "Topusko CRO"]
[Date "2012.02.05"]
[Round "1.3"]
[White "Sargac,R"]
[Black "Franciskovic,B"]
[Result "1/2-1/2"]
[WhiteTitle "WIM"]
[BlackTitle "WIM"]
[WhiteElo "2134"]
[BlackElo "2272"]
[WhiteFideId "14507250"]
[BlackFideId "14507943"]
[EventDate "2012.02.05"]
[EventType "tourn"]

1. d4 Nf6 2. e3 c5 3. dxc5 e6 4. Nf3 Bxc5 5. a3 a5 6. Bd3 d5 7. O-O O-O 8. Nbd2
Nbd7 9. e4 dxe4 10. Nxe4 Nxe4 11. Bxe4 Be7 12. c4 Nc5 13. Bc2 Qxd1 14. Rxd1 a4
15. Bf4 f6 16. Bd6 Bxd6 17. Rxd6 e5 18. Nd2 Be6 19. Ne4 Nxe4 20. Bxe4 Bxc4 21.
Rc1 Rfd8 22. Rxd8+ Rxd8 23. Bxb7 Bb3 24. Rc8 Rxc8 25. Bxc8 Kf8 26. Kf1 Ke7 27.
Ke2 Kd6 28. h4 Kc5 29. Kd3 h6 30. Bd7 Bd1 31. Be8 Bb3 32. g3 Bd1 33. Ke3 Bb3 34.
Bg6 Bd1 35. f3 Bb3 36. g4 Bd1 37. Bf5 Bb3 38. h5 Bd1 39. Bb1 Kc4 40. Ba2+ Bb3
41. Bb1 Bd1 42. Be4 Bb3 43. Bg6 Bd1 44. Bf7+ Kc5 45. Ba2 Kb5 46. Bd5 Kc5 47. Be4
Bb3 48. Kd3 Be6 49. Kc3 Kb5 50. Bc2 Bd5 51. Bd1 Bc6 52. b3 axb3 53. Kxb3 Kc5 54.
Kc3 Bb5 55. Bc2 Be2 56. Be4 Bd1 57. Kd2 Ba4 58. Kc3 Bd1 59. Kd3 Ba4 60. Bg6 Bc6
61. Ke3 Ba4 62. Bd3 Bd1 63. Ke4 Kd6 64. Bb5 Bc2+ 65. Ke3 Kc5 66. Be8 Bd1 67. Bd7
Kd6 68. Be8 Kc5 69. Bg6 Ba4 70. Bf7 Bd1 71. Be8 Bb3 72. a4 Kb4 73. f4 Bc2 74.
fxe5 fxe5 75. Bd7 Kc5 76. a5 g6 77. hxg6 Bxg6 78. Bf5 Be8 79. Ke4 h5 80. g5 Kb5
81. Kxe5 Kxa5 82. Kf6 h4 83. Ke7 Bh5 84. Bd7 Kb6 85. Kf6 Kc7 86. Bh3 Kd6 87. Be6
Be8 88. Bg4 Kd5 89. Ke7 Bg6 90. Kf6 Be8 91. Bf3+ Kd6 92. Kf5 Ke7 93. Kg4 1/2-1/2

[Event "10th ch-CRO w 2012"]
[Site "Topusko CRO"]
[Date "2012.02.05"]
[Round "1.4"]
[White "Ljikar,Tamara"]
[Black "Medic,Mir"]
[Result "0-1"]
[BlackTitle "WGM"]
[WhiteElo "1793"]
[BlackElo "2228"]
[WhiteFideId "14530767"]
[BlackFideId "14501619"]
[EventDate "2012.02.05"]
[EventType "tourn"]

1. e4 e6 2. d4 d5 3. Nc3 Nf6 4. e5 Nfd7 5. f4 c5 6. Nf3 Nc6 7. Be3 a6 8. Qd2 b5
9. Nd1 Qb6 10. c3 Bb7 11. Be2 Rc8 12. O-O cxd4 13. Nxd4 Nxd4 14. cxd4 Be7 15.
Bf2 g6 16. Ne3 h5 17. g4 hxg4 18. Nxg4 Kf8 19. Rac1 Rxc1 20. Rxc1 Kg7 21. Kg2
Rc8 22. Rxc8 Bxc8 23. h4 Bb7 24. Qc3 Qc6 25. Ne3 Qxc3 26. bxc3 Nb6 27. Be1 Bc6
28. Kg3 a5 29. h5 Nc4 30. Nxc4 dxc4 31. hxg6 Kxg6 32. a4 Ba3 33. axb5 Bxb5 34.
Bd1 Bc1 35. Bc2+ Kh5 36. f5 a4 37. fxe6 fxe6 38. Bb1 a3 39. Ba2 Kg5 40. Kf3 Bc6+
41. Ke2 Bb2 42. Kd2 Bd5 43. Bf2 Kg6 44. Bh4 Kf7 45. Bd8 Ke8 46. Ba5 Kd7 47. Bb4
Kc6 48. Bb1 Bg2 49. Bg6 a2 0-1

[Event "10th ch-CRO w 2012"]
[Site "Topusko CRO"]
[Date "2012.02.06"]
[Round "2.2"]
[White "Bazaj Bockai,S"]
[Black "Sargac,R"]
[Result "0-1"]
[WhiteTitle "WFM"]
[BlackTitle "WIM"]
[WhiteElo "2088"]
[BlackElo "2134"]
[WhiteFideId "14501724"]
[BlackFideId "14507250"]
[EventDate "2012.02.05"]
[EventType "tourn"]

1. e4 d6 2. d4 Nf6 3. Nc3 g6 4. Nf3 Bg7 5. Be2 O-O 6. O-O c6 7. Bg5 h6 8. Be3
Nbd7 9. Qd2 Kh7 10. Rad1 d5 11. e5 Ne4 12. Nxe4 dxe4 13. Nh4 f5 14. exf6 exf6
15. f3 f5 16. g3 Nf6 17. c4 Be6 18. Ng2 exf3 19. Rxf3 Ne4 20. Qd3 Qe7 21. Nf4
Bf7 22. Kh1 b5 23. cxb5 cxb5 24. b3 g5 25. Ng2 Bh5 26. Rff1 Bxe2 27. Qxe2 Nc3
28. Qd3 Nxd1 29. Rxd1 Qe4 30. Qd2 Rad8 31. d5 Be5 32. Bxa7 f4 33. Bc5 f3 34.
Bxf8 Rxf8 35. Kg1 fxg2 36. Qxg2 Qxg2+ 37. Kxg2 b4 38. d6 Rd8 39. d7 Kg7 40. Kf3
Kf6 41. Kg4 Ke6 42. Kh5 Bg7 43. Kg6 Bf8 44. h4 gxh4 45. gxh4 Rxd7 46. Rf1 Be7
47. Kxh6 Bxh4 48. Rf4 Be7 49. Re4+ Kf5 50. Re2 Bg5+ 0-1

[Event "10th ch-CRO w 2012"]
[Site "Topusko CRO"]
[Date "2012.02.06"]
[Round "2.3"]
[White "Deur,Z"]
[Black "Ivekovic,A CRO"]
[Result "0-1"]
[WhiteTitle "WFM"]
[WhiteElo "2142"]
[BlackElo "1987"]
[WhiteFideId "14512670"]
[BlackFideId "14514508"]
[EventDate "2012.02.05"]
[EventType "tourn"]

1. e4 e5 2. Nf3 Nc6 3. Bb5 a6 4. Ba4 Nf6 5. O-O b5 6. Bb3 Be7 7. Re1 d6 8. c3
O-O 9. h3 Nb8 10. d4 Nbd7 11. a4 Rb8 12. axb5 axb5 13. Be3 c5 14. Bc2 Re8 15. d5
Nf8 16. Nbd2 Ng6 17. Nf1 Bd7 18. Ng3 Ra8 19. Qd2 Bf8 20. Bg5 Rxa1 21. Rxa1 h6
22. Be3 Qc7 23. b4 Rb8 24. Nf5 Bxf5 25. exf5 Ne7 26. bxc5 Nexd5 27. cxd6 Qxd6
28. Bb3 Rd8 29. Rd1 e4 30. Nd4 Nxe3 31. Qxe3 Qc5 32. Rc1 Bd6 33. Nc2 Qe5 34. g3
Qxf5 35. Qb6 Rd7 36. h4 Bc5 37. Qb8+ Kh7 38. Nd4 Qh3 39. Qa8 Re7 40. Bc2 Bxd4
41. cxd4 g6 42. Bd1 e3 43. Bf3 exf2+ 44. Kxf2 Qh2+ 45. Bg2 Ng4+ 46. Kf3 Re3+ 0-1

[Event "10th ch-CRO w 2012"]
[Site "Topusko CRO"]
[Date "2012.02.06"]
[Round "2.4"]
[White "Berke,A"]
[Black "Ivekovic,T"]
[Result "1-0"]
[WhiteTitle "WFM"]
[WhiteElo "2153"]
[BlackElo "2048"]
[WhiteFideId "14510359"]
[BlackFideId "14517825"]
[EventDate "2012.02.05"]
[EventType "tourn"]

1. e4 e5 2. Nf3 Nc6 3. Bc4 Nf6 4. d3 Be7 5. O-O d6 6. a4 O-O 7. Re1 Bg4 8. c3
Qd7 9. h3 Bh5 10. Nbd2 Rad8 11. a5 a6 12. Nf1 Bg6 13. Ng3 Rfe8 14. Qb3 Rb8 15.
Nf5 Bd8 16. N3h4 Rf8 17. Bd2 b5 18. axb6 Rxb6 19. Qc2 Nb8 20. Be3 c5 21. b4 Be7
22. Qa4 Bxf5 23. Nxf5 Re8 24. Qa5 Bd8 25. bxc5 Rc6 26. Qa3 dxc5 27. Bxc5 Bb6 28.
Bxb6 Rxb6 29. Rab1 Qd8 30. Rxb6 Qxb6 31. Qa2 Qc7 32. Rb1 Rd8 33. Qb3 a5 34. Qb7
Qxb7 35. Rxb7 Nbd7 36. Nd6 Kf8 37. Nxf7 Ra8 38. Ng5 h6 39. Ne6+ Ke7 40. Nxg7 a4
41. Nf5+ Kd8 42. Nxh6 a3 43. Ba2 1-0

[Event "10th ch-CRO w 2012"]
[Site "Topusko CRO"]
[Date "2012.02.07"]
[Round "3.1"]
[White "Ivekovic,A CRO"]
[Black "Berke,A"]
[Result "0-1"]
[BlackTitle "WFM"]
[WhiteElo "1987"]
[BlackElo "2153"]
[WhiteFideId "14514508"]
[BlackFideId "14510359"]
[EventDate "2012.02.05"]
[EventType "tourn"]

1. e4 c5 2. Nf3 e6 3. d4 cxd4 4. Nxd4 Nf6 5. Nc3 Nc6 6. Be3 Qc7 7. g3 a6 8. Bg2
Bb4 9. O-O Bxc3 10. bxc3 O-O 11. f4 d6 12. Nxc6 bxc6 13. g4 e5 14. f5 d5 15. g5
Nxe4 16. Bxe4 dxe4 17. Qe1 g6 18. f6 c5 19. Qh4 h5 20. gxh6 Kh7 21. Qg3 Rd8 22.
Rab1 Be6 23. a3 Rd7 24. h4 Rg8 25. Kh2 Qd6 26. Qf2 Bf5 27. Rfd1 Qxd1 28. Rxd1
Rxd1 29. Qe2 Rgd8 30. Qxa6 Re1 31. Bf2 Rd2 32. Kg3 Ree2 33. Qa7 Be6 34. Qxc5
Rxf2 35. Qxf2 Rxf2 36. Kxf2 Kxh6 37. Ke3 Bd5 38. a4 Kh5 39. c4 Bc6 40. a5 Kxh4 0-1

[Event "10th ch-CRO w 2012"]
[Site "Topusko CRO"]
[Date "2012.02.07"]
[Round "3.2"]
[White "Sargac,R"]
[Black "Deur,Z"]
[Result "1-0"]
[WhiteTitle "WIM"]
[BlackTitle "WFM"]
[WhiteElo "2134"]
[BlackElo "2142"]
[WhiteFideId "14507250"]
[BlackFideId "14512670"]
[EventDate "2012.02.05"]
[EventType "tourn"]

1. d4 Nf6 2. e3 c5 3. f4 g6 4. Nf3 Bg7 5. Bd3 d6 6. O-O O-O 7. c3 Nc6 8. dxc5
dxc5 9. Qe2 e5 10. e4 Qb6 11. Kh1 exf4 12. Bxf4 Be6 13. Na3 Ng4 14. Nc4 Bxc4 15.
Bxc4 Nce5 16. Bd5 Nxf3 17. Rxf3 Nf6 18. Raf1 Rae8 19. c4 Nxd5 20. cxd5 Be5 21.
Bh6 Bg7 22. Bxg7 Kxg7 23. e5 Qd6 24. Rxf7+ Rxf7 25. Rxf7+ Kg8 26. exd6 Rxe2 27.
Re7 Rd2 28. h3 Rxd5 29. d7 1-0

[Event "10th ch-CRO w 2012"]
[Site "Topusko CRO"]
[Date "2012.02.07"]
[Round "3.3"]
[White "Ljikar,Tamara"]
[Black "Bazaj Bockai,S"]
[Result "0-1"]
[BlackTitle "WFM"]
[WhiteElo "1793"]
[BlackElo "2088"]
[WhiteFideId "14530767"]
[BlackFideId "14501724"]
[EventDate "2012.02.05"]
[EventType "tourn"]

1. e4 c5 2. Nc3 Nc6 3. g3 Rb8 4. Bg2 b5 5. d3 Qa5 6. f4 g6 7. Be3 Bg7 8. Qd2 b4
9. Nd1 e6 10. Nf3 Nge7 11. O-O Nd4 12. e5 Nxf3+ 13. Bxf3 d5 14. exd6 Nf5 15.
Bc6+ Bd7 16. Bxd7+ Kxd7 17. Qf2 Rhc8 18. g4 Nxd6 19. Qh4 h5 20. h3 hxg4 21. hxg4
Rh8 22. Qf2 Rh3 23. f5 gxf5 24. Bxc5 Rbh8 25. Bxd6 Kxd6 26. Qf4+ Be5 27. Qc4
Qb6+ 28. Nf2 Rg3# 0-1

[Event "10th ch-CRO w 2012"]
[Site "Topusko CRO"]
[Date "2012.02.07"]
[Round "3.4"]
[White "Medic,Mir"]
[Black "Franciskovic,B"]
[Result "1/2-1/2"]
[WhiteTitle "WGM"]
[BlackTitle "WIM"]
[WhiteElo "2228"]
[BlackElo "2272"]
[WhiteFideId "14501619"]
[BlackFideId "14507943"]
[EventDate "2012.02.05"]
[EventType "tourn"]

1. d4 Nf6 2. c4 e6 3. Nc3 Bb4 4. Qc2 O-O 5. a3 Bxc3+ 6. Qxc3 d5 7. Bg5 dxc4 8.
Qxc4 b6 9. Nf3 Ba6 10. Qa4 c5 11. dxc5 bxc5 12. Rd1 Qb6 13. Bxf6 gxf6 14. Qg4+
Kh8 15. Rd2 Nc6 16. Qh4 Kg7 17. Qg4+ 1/2-1/2

[Event "10th ch-CRO w 2012"]
[Site "Topusko CRO"]
[Date "2012.02.07"]
[Round "4.4"]
[White "Ivekovic,T"]
[Black "Ivekovic,A CRO"]
[Result "1/2-1/2"]
[WhiteElo "2048"]
[BlackElo "1987"]
[WhiteFideId "14517825"]
[BlackFideId "14514508"]
[EventDate "2012.02.05"]
[EventType "tourn"]

1. e4 e5 2. d3 d6 3. b3 b6 4. Bb2 Bb7 5. g3 g6 6. Bg2 Bg7 7. Ne2 Ne7 8. O-O O-O
9. Nd2 Nd7 10. Kh1 Kh8 11. f4 a6 1/2-1/2

[Event "10th ch-CRO w 2012"]
[Site "Topusko CRO"]
[Date "2012.02.08"]
[Round "5.1"]
[White "Sargac,R"]
[Black "Ivekovic,T"]
[Result "1-0"]
[WhiteTitle "WIM"]
[WhiteElo "2134"]
[BlackElo "2048"]
[WhiteFideId "14507250"]
[BlackFideId "14517825"]
[EventDate "2012.02.05"]
[EventType "tourn"]

1. d4 Nf6 2. c4 e6 3. g3 d5 4. Bg2 b6 5. Nf3 Bb7 6. O-O Be7 7. Qa4+ c6 8. Nc3
O-O 9. Rd1 Nbd7 10. Ne5 Qc8 11. cxd5 cxd5 12. Bf4 Nxe5 13. dxe5 Nd7 14. Rac1 Nc5
15. Qd4 Qe8 16. b4 Na6 17. a3 Rd8 18. Qe3 Rc8 19. Qd3 Nc7 20. e4 dxe4 21. Nxe4
Nd5 22. Bg5 Rxc1 23. Bxc1 Qb8 24. Bb2 Rd8 25. Qf3 Rc8 26. Qg4 Kf8 27. Nd6 Rc2
28. Bd4 Qc7 29. Nxb7 Qxb7 30. Qe4 Qc6 31. Qxh7 Bg5 32. Qh8+ Ke7 33. Qxg7 Bd2 34.
Bxd5 Qxd5 35. Qf6+ Ke8 36. Be3 Rc1 37. Rxc1 Bxc1 38. Bxc1 Qd1+ 39. Kg2 Qxc1 40.
Qf3 Qc7 41. Qe4 a5 42. bxa5 bxa5 43. h4 Kf8 44. h5 Kg7 45. Qf4 Qb7+ 46. Kh2 1-0

[Event "10th ch-CRO w 2012"]
[Site "Topusko CRO"]
[Date "2012.02.08"]
[Round "5.2"]
[White "Ljikar,Tamara"]
[Black "Berke,A"]
[Result "0-1"]
[BlackTitle "WFM"]
[WhiteElo "1793"]
[BlackElo "2153"]
[WhiteFideId "14530767"]
[BlackFideId "14510359"]
[EventDate "2012.02.05"]
[EventType "tourn"]

1. e4 c5 2. Nc3 Nc6 3. g3 g6 4. Bg2 Bg7 5. d3 d6 6. Be3 Nd4 7. Qd2 Qa5 8. f4 Nh6
9. h3 f5 10. Nf3 Nf7 11. O-O e6 12. Kh2 O-O 13. Rae1 Bd7 14. g4 Rae8 15. g5 Qb4
16. Rb1 Bc6 17. a3 Qa5 18. Ng1 e5 19. b4 Qd8 20. b5 exf4 21. Bxf4 Bd7 22. exf5
Bxf5 23. Bxb7 Ne6 24. Bc6 Nxf4 25. Bxe8 Rxe8 26. Rxf4 Qxg5 27. Rbf1 Be5 28. Kh1
Qh6 29. h4 Nd8 30. Qe3 Ne6 31. R4f3 Qxh4+ 32. Nh3 Bxc3 33. Qf2 Qxf2 34. R1xf2
Nd4 35. Rg3 Be1 36. Rxf5 Nxf5 0-1

[Event "10th ch-CRO w 2012"]
[Site "Topusko CRO"]
[Date "2012.02.08"]
[Round "5.3"]
[White "Medic,Mir"]
[Black "Deur,Z"]
[Result "1-0"]
[WhiteTitle "WGM"]
[BlackTitle "WFM"]
[WhiteElo "2228"]
[BlackElo "2142"]
[WhiteFideId "14501619"]
[BlackFideId "14512670"]
[EventDate "2012.02.05"]
[EventType "tourn"]

1. d4 Nf6 2. c4 c5 3. d5 e5 4. Nc3 d6 5. e4 Be7 6. g3 O-O 7. Bg2 Ne8 8. Nge2 Nc7
9. a3 Nba6 10. O-O Bd7 11. f4 Bf6 12. a4 Nb4 13. Kh1 b6 14. Ng1 a6 15. Nf3 Ne8
16. Be3 Qc7 17. Qd2 Rb8 18. Rad1 Be7 19. fxe5 dxe5 20. Nxe5 Qxe5 21. Bf4 Qh5 22.
Bxb8 Bg4 23. Bf4 Bxd1 24. Rxd1 Nd6 25. b3 f6 26. Re1 Nf7 27. Bc7 Bd8 28. Bf4 Ne5
29. Rf1 Nbd3 30. Bxe5 Nxe5 31. d6 Qg4 32. Nd5 Qd7 33. Nf4 g5 34. Qd5+ Rf7 35.
Ne6 Ng4 36. Rf3 Ne5 37. Rf2 Ng4 38. Re2 Ne5 39. Nxg5 fxg5 40. Qxe5 Bf6 41. Qd5 1-0

[Event "10th ch-CRO w 2012"]
[Site "Topusko CRO"]
[Date "2012.02.08"]
[Round "5.4"]
[White "Franciskovic,B"]
[Black "Bazaj Bockai,S"]
[Result "1/2-1/2"]
[WhiteTitle "WIM"]
[BlackTitle "WFM"]
[WhiteElo "2272"]
[BlackElo "2088"]
[WhiteFideId "14507943"]
[BlackFideId "14501724"]
[EventDate "2012.02.05"]
[EventType "tourn"]

1. c4 Nf6 2. Nc3 d5 3. cxd5 Nxd5 4. g3 c6 5. Bg2 g6 6. Nxd5 cxd5 7. Qb3 e6 8. h4
Nc6 9. Nf3 Bg7 10. O-O O-O 11. d3 Qb6 12. Qxb6 axb6 13. a3 b5 14. Rb1 b4 15.
axb4 Ra2 16. Be3 Bxb2 17. Bc5 Re8 18. b5 Na5 19. Bb4 b6 20. Rfd1 Nb3 21. e3 Bd7
22. Bc3 Bxc3 23. Rxb3 Rc2 24. d4 Ra8 25. Ne5 Be8 26. Bf1 Ba5 27. Bd3 Rc7 28. Kg2
Rac8 29. Ra1 Rc3 30. Raa3 Rxb3 31. Rxb3 Kf8 32. g4 f6 33. Nf3 Ke7 34. g5 Rc3 35.
Rxc3 Bxc3 36. gxf6+ Kxf6 37. Ne5 Bb4 38. f4 Bd6 39. Nf3 h6 40. Kf2 Be7 41. Kg3
Bd6 42. Kf2 1/2-1/2